How to get your paper published. (2nd edition) (Record no. 76371)

MARC details
000 -LEADER
fixed length control field 00992nam a2200217 a 4500
008 - FIXED-LENGTH DATA ELEMENTS--GENERAL INFORMATION
fixed length control field 180914s2015 ||||||||||||||||| || u
020 ## - INTERNATIONAL STANDARD BOOK NUMBER
International Standard Book Number 9781848290815
050 ## - LIBRARY OF CONGRESS CALL NUMBER
Classification number PN 146 Fra
100 ## - MAIN ENTRY--PERSONAL NAME
Personal name Fraser, SG
245 10 - TITLE STATEMENT
Title How to get your paper published. (2nd edition)
Statement of responsibility, etc. By S.G. Fraser
250 ## - EDITION STATEMENT
Edition statement 2nd edition
260 ## - PUBLICATION, DISTRIBUTION, ETC.
Place of publication, distribution, etc. Kent
Name of publisher, distributor, etc. Anshan Ltd
Date of publication, distribution, etc. 2015
300 ## - PHYSICAL DESCRIPTION
Extent ix, 91 pages
350 ## -
-- 19.99
650 ## - SUBJECT ADDED ENTRY--TOPICAL TERM
Topical term or geographic name entry element AUTHORS AND PUBLISHERS
650 ## - SUBJECT ADDED ENTRY--TOPICAL TERM
Topical term or geographic name entry element AUTHORSHIP--MARKETING
650 ## - SUBJECT ADDED ENTRY--TOPICAL TERM
Topical term or geographic name entry element AUTHORSHIP
995 ## -
-- MAIN LIBRARY OPEN ACCESS
-- 749308
-- CBU-MAIN LIBRARY (Kitwe)
-- 19.99
-- PN 146 Fra
-- 3
-- AVAILABLE
-- Jun 7, 2019
-- 749308
-- Main Library Open Access Collection
995 ## -
-- MAIN LIBRARY OPEN ACCESS
-- 748646
-- CBU-MAIN LIBRARY (Kitwe)
-- 19.99
-- PN 146 Fra
-- 1
-- AVAILABLE
-- Oct 22, 2018
-- 748646
-- Main Library Open Access Collection
995 ## -
-- ANNEX COLLECTION (Main Library)
-- 748647
-- CBU-MAIN LIBRARY (Kitwe)
-- 19.99
-- PN 146 Fra
-- 2
-- AVAILABLE
-- Oct 22, 2018
-- 748647
-- Annex Low-Usage Collection
999 ## -
-- 76371
-- 76371
Holdings
Withdrawn status Lost status Source of classification or shelving scheme Damaged status Not for loan Permanent Location Current Location Shelving location Date acquired Total Checkouts Full call number Barcode Date last seen Copy number Price effective from Koha item type
          CBU-MAIN LIBRARY, KITWE. CBU-MAIN LIBRARY, KITWE.   04/25/2023   PN 146 Fra 749308 04/25/2023 1 04/25/2023 MONOGRAPH
          CBU-MAIN LIBRARY, KITWE. CBU-MAIN LIBRARY, KITWE.   04/25/2023   PN 146 Fra 748646 04/25/2023 2 04/25/2023 MONOGRAPH
          CBU-MAIN LIBRARY, KITWE. CBU-MAIN LIBRARY, KITWE.   04/25/2023   PN 146 Fra 748647 04/25/2023 3 04/25/2023 MONOGRAPH